| Поле | Инд. | ПП | Название | Значение |
|---|---|---|---|---|
| Тип записи | a | |||
| Библиографический уровень | b | |||
| 001 | Контрольный номер | RU/IS/BASE/322586482 | ||
| 005 | Дата корректировки | 20200630193137.3 | ||
| 008 | Кодируемые данные | 20100322 | ||
| 040 | b | Код языка каталог. | rus | |
| e | Правила каталог. | PSBO | ||
| 041 | 0_ | a | Код языка текста | rus |
| 084 | a | Индекс другой классификации/Индекс ББК | 66.3(2Рос); 60.561.4; 67.518.4 | |
| 100 | 1_ | a | Автор | Барис В. В. |
| q | Полное имя | Барис Виктор Владимирович | ||
| 100 | 1_ | a | Автор | Яковлев С. В. |
| q | Полное имя | Яковлев Сергей Витальевич | ||
| 245 | 10 | a | Заглавие | Сущность организованной преступности в ее взаимосвязи с коррупцией и внутриполитическими процессами |
| 504 | a | Библиография | Библиогр.: с. 79 - 80 | |
| 520 | 0_ | a | Аннотация | Эта статья посвящена проблеме организованной преступности в современной России. Автор анализирует связь между уровнем организованной преступности и внутриполитическими процессами |
| 650 | 14 | a | Основная рубрика | внутренняя политика |
| a | Основная рубрика | криминология | ||
| a | Основная рубрика | политика | ||
| a | Основная рубрика | право | ||
| a | Основная рубрика | социология | ||
| a | Основная рубрика | социология права | ||
| 653 | 1_ | a | Ключевые слова | коррупция |
| a | Ключевые слова | организованная преступность | ||
| a | Ключевые слова | преступность | ||
| a | Ключевые слова | Россия | ||
| a | Ключевые слова | социология преступности | ||
| 773 | 08 | t | Заглавие источника | Вестник Московского университета. Серия 18, Социология и политология |
| d | Дата издания источника | 2009 | ||
| g | Прочая информация | № 4. - С. 72 - 80 | ||
| w | Контрольный № источника | RU/IS/BASE/317399284 | ||
| 901 | t | Тип документа | b |